Click the Body Part - Statistics

General Stats
  • This quiz has been taken 934 times
  • The average score is 12 of 20
Answer Stats
Hint Explanation Answer % Correct
Retina Light sensitive area at the back of the eye Eye
90%
Cerebellum Responsible for muscle control, balance and movement Brain
83%
Urethra Tube that allows urine to pass out of the body Bladder
81%
Mitral Valve Maintains blood flow from the atrium into the ventricle Heart
76%
Patella Kneecap Knee
76%
Thyroid Produces hormones to regulate metabolic rate Neck
73%
Scapula Shoulder blade Shoulder
68%
Phalanges Small bones, three in each finger, two in each thumb Finger
67%
Alveoli Air sacs allowing for rapid gaseous exchange Lung
66%
Septal cartilage Provides structure and support to the nose Nose
62%
Hepatic Duct Drains bile from the liver Liver
51%
Jejunum Part of the small intestine between duodenum and ileum Small Intestine
49%
Nephron Functional filtering unit of the kidney Kidney
48%
Sacrum Large, triangular bone at the base of the spine Spinal Column
47%
Maxilla Frontal bone forming the upper jaw Skull
45%
Talus Small bone between the heel bone and lower leg bones Ankle
42%
Incus Anvil bone, transmits vibrations from the eardrum Ear
38%
Islets of Langerhans Responsible for insulin production Pancreas
38%
Scaphoid Carpal bone between the hand and forearm Wrist
30%
Pylorus Connects the stomach to the duodenum Stomach
29%
No matching quizzes found
Score Distribution
Percent of People with Each Score
Percentile by Number Answered
Your Score History
You have not taken this quiz